| 000 | 00364nam a2200133Ia 4500 | ||
|---|---|---|---|
| 008 | 250506s9999 xx 000 0 und d | ||
| 024 | _a04B-024-EE | ||
| 082 | _a668.972 FIZ | ||
| 100 | _aFizzah Obaid | ||
| 245 | 0 | _aAutomation of New Polymer Line R13 | |
| 260 |
_aKarachi: _bUIT, _c2004 |
||
| 600 | _aElectronic Engineering | ||
| 650 | _aBachelor of Engineering (BE) | ||
| 999 |
_c28168 _d28168 |
||